Victoria - Multiple Choice - Statistics

General Stats
  • This quiz has been taken 28 times
    10 since last reset
  • The average score is 7 of 15
Answer Stats
Question Answer % Correct
Victoria is the name of one of the states of... Australia
100%
Victoria is the name of a queen from... The United Kingdom
100%
Victoria is the name of an island in... Canada
88%
Victoria is the name of a waterfall in the _______ River. Zambezi
75%
Queen Victoria started her reign in... 1837
63%
The Great Victoria Desert is in... Australia
63%
Victoria is the name of a lake in... Uganda
63%
The Victorian Era started in... 1830s
50%
Victoria is the capital of... Seychelles
50%
Victoria is the capital of... British Columbia
25%
Lake Victoria is the ___ biggest lake in the world. 3rd
13%
Ciudad Victoria is the capital of... Tamaulipas
13%
Victoria is the capital of what island? Gozo
0%
Which state DOES have a village named Victoria? Illinois
0%
A state that doesn't have a city, town or village with the name Victoria is... Wisconsin
0%
No matching quizzes found
Score Distribution
Percent of People with Each Score
Percentile by Number Answered
Your Score History
You have not taken this quiz since the last reset